[Event "35. DSenEM 65+"]
[Site "Bad Wildungen"]
[Date "2023.07.21"]
[Round "5.30"]
[White "Prause, Dieter"]
[Black "Plewka, Manfred"]
[Result "1/2-1/2"]
[WhiteElo "1779"]
[BlackElo "1915"]
[PlyCount "132"]
[EventDate "2023.??.??"]
[WhiteTeam "Schachklub Delbrueck"]
[BlackTeam "SV VHS Rendsburg"]

1. Nf3 c5 2. c4 e6 3. Nc3 Nc6 4. g3 Nf6 5. Bg2 Be7 6. O-O a6 7. d4 d5 8. cxd5 Nxd5 9. dxc5 Nxc3 10. bxc3 Bxc5 11. Qxd8+ Nxd8 12. Rd1 O-O 13. a4 f6 14. Ba3 Bxa3 15. Rxa3 Rb8 16. c4 Nc6 17. Nd4 Ne5 18. Rc1 Rd8 19. e3 Bd7 20. f4 Nc6 21. Kf2 Na5 22. c5 Kf7 23. h4 Rbc8 24. Rcc3 Rc7 25. c6 Nxc6 26. a5 Rdc8 27. Nxc6 Bxc6 28. Bxc6 Rxc6 29. Rxc6 Rxc6 30. Rb3 Rc7 31. e4 h5 32. Ke3 Kg6 33. Kd4 Kf7 34. Rb4 Ke7 35. e5 Kd7 36. Rb6 Ke7 37. Rb3 fxe5+ 38. fxe5 Kf7 39. Rb6 Rd7+ 40. Ke4 Re7 41. Kd4 g5 42. Kc5 gxh4 43. gxh4 Rd7 44. Rd6 Rc7+ 45. Kb6 Re7 46. Rd4 Kg7 47. Rc4 Kg6 48. Rc7 Re8 49. Rc5 Rg8 50. Kxb7 Kf5 51. Kxa6 Rg4 52. Kb6 Rb4+ 53. Rb5 Rxh4 54. a6 Rg4 55. a7 Rg8 56. Ka6 Ra8 57. Rb8 Rxa7+ 58. Kxa7 Kxe5 59. Rh8 Kd4 60. Rxh5 e5 61. Kb6 e4 62. Kb5 e3 63. Kb4 e2 64. Rh1 Kd3 65. Kb3 Kd2 66. Rh2 Kd1 1/2-1/2

[Event "35. DSenEM 65+"]
[Site "Bad Wildungen"]
[Date "2023.07.21"]
[Round "5.31"]
[White "Krum, Beate"]
[Black "Mann, Klaus-Dieter"]
[Result "0-1"]
[WhiteElo "1717"]
[BlackElo "1908"]
[PlyCount "108"]
[EventDate "2023.??.??"]
[WhiteTeam "SG Heidelberg-Kirchheim"]
[BlackTeam "SV Osnabrueck von 1919"]

1. d4 Nf6 2. c4 g6 3. Nc3 Bg7 4. e4 d6 5. Nf3 O-O 6. Be2 Nbd7 7. O-O e5 8. d5 a5 9. a3 Nc5 10. Qc2 Bd7 11. Bg5 a4 12. Nd2 h6 13. Bxf6 Bxf6 14. b4 axb3 15. Nxb3 Nxb3 16. Qxb3 b6 17. Ra2 Ra5 18. Nb5 Bg7 19. Bd1 f5 20. f3 f4 21. a4 Rf7 22. Qa3 Bf8 23. Nc3 g5 24. Qb2 Rg7 25. h3 h5 26. Kh2 Qf6 27. Nb5 Bc8 28. Na3 g4 29. fxg4 hxg4 30. hxg4 Bxg4 31. Rf3 Rh7+ 32. Kg1 Qh8 33. Kf1 Rh1+ 34. Kf2 Qh4+ 35. Ke2 Re1+ 36. Kd3 Rxd1+ 37. Kc2 Qe1 38. Kb3 Be7 39. Qf2 Bh4 40. Qxe1 Rxe1 41. Rg3 Rxe4 42. Nc2 Rc5 43. Na3 Bg5 44. Rc3 Re3 45. Rxe3 fxe3 46. Nb5 Kg7 47. g3 Kg6 48. Rg2 Kf5 49. Kc3 Ke4 50. Na3 c6 51. dxc6 Rxc6 52. Kc2 d5 53. Rh2 e2 54. Rh1 d4 0-1

[Event "35. DSenEM 65+"]
[Site "Bad Wildungen"]
[Date "2023.07.21"]
[Round "5.32"]
[White "Haelsig, Guenter"]
[Black "Wenske, Hardy"]
[Result "1-0"]
[WhiteElo "1894"]
[BlackElo "1710"]
[PlyCount "107"]
[EventDate "2023.??.??"]
[WhiteTeam "USV Potsdam e.V., Abt. Schach"]
[BlackTeam "Kieler SG von 1884"]

1. Nf3 Nf6 2. b3 d6 3. d4 Bf5 4. Bb2 c6 5. g3 g6 6. Bg2 Bg7 7. O-O O-O 8. Re1 Na6 9. a3 Nc7 10. Nbd2 Bg4 11. e4 Nd7 12. h3 Bxf3 13. Nxf3 e5 14. c3 Re8 15. Qd3 Qe7 16. Rad1 Rad8 17. Qc2 f6 18. a4 Qf7 19. Ba3 Bf8 20. h4 d5 21. Bxf8 Qxf8 22. dxe5 dxe4 23. Rxe4 Nc5 24. Red4 N5e6 25. Rxd8 Rxd8 26. Rxd8 Qxd8 27. exf6 Qxf6 28. Qd3 Nd5 29. c4 Ndc7 30. Bh3 Qd8 31. Qe3 Qf6 32. Kg2 Nd8 33. Qxa7 Nce6 34. Qe3 Kg7 35. b4 h6 36. Qe5 Qxe5 37. Nxe5 Nd4 38. Bc8 Nc2 39. b5 cxb5 40. cxb5 Na3 41. Kf3 Kf6 42. Ke4 Nc2 43. f4 Nb4 44. a5 g5 45. Nd7+ Kg6 46. f5+ Kf7 47. Nc5 Kf6 48. Nxb7 Nf7 49. a6 gxh4 50. gxh4 Na2 51. Kd4 Ne5 52. a7 Nf3+ 53. Ke3 Nxh4 54. a8=Q 1-0

[Event "35. DSenEM 65+"]
[Site "Bad Wildungen"]
[Date "2023.07.21"]
[Round "5.33"]
[White "Dierkes, Heinrich"]
[Black "Allgaier, Erik"]
[Result "1/2-1/2"]
[WhiteElo "1786"]
[BlackElo "1925"]
[PlyCount "57"]
[EventDate "2023.??.??"]
[WhiteTeam "SK Koenigsspringer Wewelsburg"]
[BlackTeam "Schachclub Hans Clauert Trebbin"]

1. e3 e5 2. Nf3 d6 3. d4 e4 4. Nfd2 Nf6 5. Be2 d5 6. c4 c6 7. b3 Bb4 8. Ba3 a5 9. O-O O-O 10. Bb2 a4 11. bxa4 Qa5 12. Nb3 Qxa4 13. a3 Be7 14. Nc3 Qa7 15. cxd5 cxd5 16. a4 Na6 17. Ba3 b6 18. Nb5 Qd7 19. Qd2 Bxa3 20. Rxa3 Qe7 21. Rfa1 Qb4 22. Qa2 Bg4 23. Bf1 Qe7 24. a5 Nb4 25. Qd2 bxa5 26. Rxa5 Rxa5 27. Rxa5 Nd3 28. Ra7 Qb4 29. Qxb4 1/2-1/2

[Event "35. DSenEM 65+"]
[Site "Bad Wildungen"]
[Date "2023.07.21"]
[Round "5.34"]
[White "Zimmermann, Rolf"]
[Black "Wulf, Adalbert"]
[Result "1/2-1/2"]
[WhiteElo "2067"]
[BlackElo "1833"]
[PlyCount "64"]
[EventDate "2023.??.??"]
[WhiteTeam "Duesseldorfer Schachklub 14/25 e"]
[BlackTeam "Schachverein Ennigerloh-Oelde"]

1. c4 d6 2. d4 Nf6 3. Nc3 Nbd7 4. e4 e5 5. d5 Be7 6. Be3 Nf8 7. a3 Ng6 8. f3 Bd7 9. Bd3 c6 10. b4 cxd5 11. Nxd5 Nxd5 12. cxd5 Bg5 13. Bf2 Qc7 14. Ne2 Nf4 15. Nxf4 Bxf4 16. Qb3 O-O 17. Ke2 a6 18. Ra2 b5 19. Rc2 Qb7 20. Be3 Bxe3 21. Kxe3 Rfc8 22. Rhc1 Rxc2 23. Rxc2 Rc8 24. Ke2 h6 25. Qb2 Rxc2+ 26. Qxc2 Kf8 27. Kf2 Qb6+ 28. Kg3 Ke7 29. Qc1 Qb7 30. h3 Qb6 31. Kh2 Qb7 32. f4 f6 1/2-1/2

[Event "35. DSenEM 65+"]
[Site "Bad Wildungen"]
[Date "2023.07.21"]
[Round "5.35"]
[White "Vasiljev, Jurij"]
[Black "Pundt, Wilfried"]
[Result "1-0"]
[WhiteElo "1953"]
[BlackElo "1822"]
[PlyCount "23"]
[EventDate "2023.??.??"]
[WhiteTeam "Schachfreunde Moers e. V."]
[BlackTeam "SK Bremen-Nord"]

1. c4 e5 2. Nc3 b5 3. Nxb5 c6 4. Nc3 d5 5. e3 Nf6 6. d4 e4 7. Qb3 Bd6 8. cxd5 cxd5 9. Bd2 Be6 10. Nb5 a5 11. Nxd6+ Qxd6 12. Qb7 1-0

[Event "35. DSenEM 65+"]
[Site "Bad Wildungen"]
[Date "2023.07.21"]
[Round "5.36"]
[White "Schubert, Hans-Joachim"]
[Black "Dorn, Hans-Juergen"]
[Result "0-1"]
[WhiteElo "1534"]
[BlackElo "1729"]
[PlyCount "74"]
[EventDate "2023.??.??"]
[WhiteTeam "Schachgruppe Rochade Disteln"]
[BlackTeam "Schachclub Bayer Uerdingen 1923"]

1. d4 Nf6 2. Nf3 b6 3. e3 Bb7 4. Be2 e6 5. a3 c5 6. c3 d5 7. b3 Bd6 8. Nbd2 O-O 9. O-O Nbd7 10. Bb2 Rc8 11. a4 Qc7 12. h3 e5 13. Rc1 e4 14. Ne1 Rfe8 15. f4 exf3 16. Rxf3 Nf8 17. Nc2 Ne6 18. Nf1 Ng5 19. Rf5 Nge4 20. Bg4 Rcd8 21. Bf3 Qd7 22. Bxe4 Nxe4 23. Rf3 Re7 24. Qe1 Rde8 25. Qh4 Re6 26. Qg4 Bc8 27. dxc5 bxc5 28. c4 Rg6 29. Qxd7 Bxd7 30. cxd5 Rb8 31. Ne1 Bxa4 32. Rc4 Bxb3 33. Rxe4 Bxd5 34. Nd2 Rxb2 35. Re8+ Bf8 36. Rf5 Rxg2+ 37. Kf1 Rgxd2 0-1

[Event "35. DSenEM 65+"]
[Site "Bad Wildungen"]
[Date "2023.07.21"]
[Round "5.37"]
[White "Andrijenko, Anatoliy"]
[Black "Krueger, Norbert"]
[Result "0-1"]
[WhiteElo "1803"]
[BlackElo "1971"]
[PlyCount "100"]
[EventDate "2023.??.??"]
[WhiteTeam "SF Koeln-Longerich 1956"]
[BlackTeam "Ratinger Schachklub 1950"]

1. e4 c5 2. Nf3 Nf6 3. Bc4 Nxe4 4. Bxf7+ Kxf7 5. Ne5+ Kg8 6. Qh5 Nd6 7. Nc3 Nc6 8. f4 e6 9. d3 Nd4 10. O-O Qf6 11. Ne4 Nxe4 12. dxe4 d6 13. Be3 g6 14. Ng4 gxh5 15. Nxf6+ Kf7 16. Bxd4 cxd4 17. e5 Kg6 18. Rf3 h4 19. g4 hxg3 20. hxg3 Be7 21. Ng4 h5 22. Nf2 dxe5 23. fxe5 Bd7 24. Nd3 Rhf8 25. Nf4+ Kg5 26. Raf1 Kg4 27. Kh2 Rac8 28. R1f2 Bg5 29. Rd3 Bxf4 30. gxf4 Rxf4 31. Rxf4+ Kxf4 32. Rxd4+ Kxe5 33. Rxd7 Rxc2+ 34. Kg3 Rxb2 35. a4 Rb4 36. a5 h4+ 37. Kg2 a6 38. Rh7 Kd5 39. Rh8 Ke5 40. Rh5+ Kf6 41. Rh6+ Kf5 42. Rh5+ Kg4 43. Re5 Rb2+ 44. Kf1 Rb5 45. Rxe6 Rxa5 46. Kf2 Ra2+ 47. Kg1 b5 48. Rg6+ Kf5 49. Rh6 b4 50. Rxh4 b3 0-1

[Event "35. DSenEM 65+"]
[Site "Bad Wildungen"]
[Date "2023.07.21"]
[Round "5.38"]
[White "Peter, Volkhard"]
[Black "Tuertmann, Dieter"]
[Result "0-1"]
[WhiteElo "1707"]
[BlackElo "1953"]
[PlyCount "134"]
[EventDate "2023.??.??"]
[WhiteTeam "SV Einheit Schwerin"]
[BlackTeam "ESV 1949 Eberswalde e.V."]

1. e4 e6 2. Nf3 b6 3. d4 Bb7 4. Bd3 d6 5. Nc3 Nd7 6. O-O Be7 7. Re1 a6 8. d5 e5 9. Ne2 h6 10. Ng3 g6 11. h3 Kf8 12. b4 Bf6 13. a4 h5 14. Be3 Kg7 15. Qd2 h4 16. Nf1 Nf8 17. Bg5 Bxg5 18. Qxg5 f6 19. Qe3 Bc8 20. N3h2 Bd7 21. b5 a5 22. f4 exf4 23. Qxf4 g5 24. Qf3 Ng6 25. Ng4 Nh6 26. Nfe3 Ne5 27. Nxe5 fxe5 28. Nf5+ Bxf5 29. exf5 Kf6 30. Rf1 Qg8 31. Be2 Re8 32. Qe4 Qf7 33. Ra3 Rhg8 34. Rc3 Re7 35. Rd3 g4 36. hxg4 Qg7 37. Rh3 Qg5 38. g3 hxg3 39. Rxg3 Rh7 40. Kg2 Nf7 41. Qe3 Rh4 42. Qxg5+ Nxg5 43. Rh1 Rxh1 44. Kxh1 e4 45. Rc3 Rg7 46. Kg2 Rh7 47. Re3 Ke5 48. c4 Kf4 49. Rb3 e3 50. Rd3 Rh8 51. Rb3 Ke4 52. Bd3+ Kd4 53. Kg3 Rh1 54. Kf4 Nh3+ 55. Kg3 Nf2 56. Be2 Rh8 57. Kf4 Re8 58. g5 Nh3+ 59. Kg4 Ng1 60. Bf3 Nxf3 61. Kxf3 e2 62. Rb1 e1=Q 63. Rxe1 Rxe1 64. f6 Ke5 65. Kf2 Re4 66. Kg3 Rf4 67. Kh3 Kf5 0-1

[Event "35. DSenEM 65+"]
[Site "Bad Wildungen"]
[Date "2023.07.21"]
[Round "5.39"]
[White "Kube, Hannelore"]
[Black "Josting, Friedel"]
[Result "1/2-1/2"]
[WhiteElo "1916"]
[BlackElo "1795"]
[PlyCount "27"]
[EventDate "2023.??.??"]
[WhiteTeam "SV Medizin Erfurt"]
[BlackTeam "Schachgemeinschaft Buende 1945"]

1. c4 c5 2. Nc3 Nc6 3. g3 g6 4. Bg2 Bg7 5. Nf3 Nf6 6. d4 cxd4 7. Nxd4 O-O 8. O-O a6 9. e4 Qc7 10. Be3 d6 11. Nd5 Nxd5 12. cxd5 Nxd4 13. Bxd4 Bg4 14. Qd2 1/2-1/2

[Event "35. DSenEM 65+"]
[Site "Bad Wildungen"]
[Date "2023.07.21"]
[Round "5.40"]
[White "Rache, Ralf"]
[Black "Wolter, Guenter"]
[Result "1/2-1/2"]
[WhiteElo "1910"]
[BlackElo "1775"]
[PlyCount "51"]
[EventDate "2023.??.??"]
[WhiteTeam "Aachener Schachverein 1856 e. V."]
[BlackTeam "TSG Neustrelitz"]

1. e4 d5 2. exd5 Nf6 3. d4 Nxd5 4. c4 Nf6 5. Nf3 Bg4 6. Be2 e6 7. O-O Be7 8. Qb3 b6 9. Be3 O-O 10. Nc3 c6 11. Rad1 Qc7 12. h3 Bh5 13. Ne5 Bxe2 14. Nxe2 Nbd7 15. Nxd7 Qxd7 16. Nc3 Rad8 17. Rd2 Qb7 18. Rfd1 Rd7 19. d5 exd5 20. cxd5 cxd5 21. Nxd5 Nxd5 22. Rxd5 Rdd8 23. Rxd8 Rxd8 24. Rxd8+ Bxd8 25. Qb5 Qe7 26. h4 1/2-1/2

[Event "35. DSenEM 65+"]
[Site "Bad Wildungen"]
[Date "2023.07.21"]
[Round "5.41"]
[White "Hilbig, Dieter"]
[Black "Zechel, Rolf-Ruediger"]
[Result "1-0"]
[WhiteElo "1830"]
[BlackElo "1731"]
[Annotator "hugo5"]
[PlyCount "55"]
[EventDate "2023.??.??"]
[WhiteTeam "ESV Gera"]
[BlackTeam "SK Kaltenkirchen"]

{[%evp 0,11,15,15,56,52,53,26,27,6,10,3,7,7]} 1. e4 c5 2. Nc3 Nc6 3. f4 g6 4. Nf3 Bg7 5. Bb5 Nd4 6. O-O a6 7. Bd3 d6 8. h3 e6 9. Ne2 Ne7 10. c3 Nxf3+ 11. Rxf3 O-O 12. Bc2 b5 13. d3 Bd7 14. Be3 Nc6 15. Qd2 Qc7 16. Raf1 Ne7 17. g4 a5 18. f5 exf5 19. gxf5 gxf5 20. exf5 f6 21. Bh6 d5 22. d4 c4 23. Kh1 Bxh6 24. Qxh6 Rf7 25. Rg1+ Kh8 26. Nf4 Rg8 27. Rxg8+ Nxg8 28. Ng6# 1-0

[Event "35. DSenEM 65+"]
[Site "Bad Wildungen"]
[Date "2023.07.21"]
[Round "5.42"]
[White "Zilch, Lothar"]
[Black "Jacob, Karl-Heinz"]
[Result "1/2-1/2"]
[WhiteElo "1825"]
[BlackElo "1687"]
[PlyCount "128"]
[EventDate "2023.??.??"]
[WhiteTeam "SV Alsfeld"]
[BlackTeam "SG 1951 Sonneberg"]

1. d4 f5 2. h3 Nf6 3. g4 fxg4 4. hxg4 d5 5. g5 Ne4 6. Nf3 Nc6 7. Nc3 Bf5 8. Nh4 e6 9. Nxe4 Bxe4 10. f3 Bf5 11. Bg2 Bd6 12. Nxf5 exf5 13. f4 Qd7 14. Qd3 O-O-O 15. Bd2 Qf7 16. O-O-O g6 17. Qb3 Bf8 18. e3 Nb8 19. c4 c6 20. cxd5 cxd5 21. Kb1 Rd7 22. Rc1+ Nc6 23. e4 fxe4 24. Bh3 h5 25. gxh6 Rxh6 26. Bxd7+ Qxd7 27. Rxh6 Bxh6 28. Qg3 Qf7 29. Be3 Bg7 30. Rc5 Bf8 31. Qg4+ Kc7 32. Rc1 Kb8 33. Rg1 Ne7 34. Qd7 Qf5 35. Qd6+ Kc8 36. Qa3 Nc6 37. Qc3 Bd6 38. Qc1 Kd7 39. Rg5 Qe6 40. Qg1 Ne7 41. Qf1 Bc7 42. Qb5+ Kc8 43. Qe8+ Bd8 44. Re5 Qf6 45. Rxe7 Qxe7 46. Qxg6 Qf6 47. Qe8 Qe7 48. Qh5 Qd6 49. Qg4+ Qd7 50. f5 Bf6 51. Qg6 Qd8 52. Qf7 Qd6 53. Qg8+ Kc7 54. Qg4 Qe7 55. Qg6 Qg7 56. Bf4+ Kd7 57. Qxg7+ Bxg7 58. Be5 Bxe5 59. dxe5 e3 60. Kc2 d4 61. Kd3 Ke7 62. Ke2 Kf7 63. e6+ Kf6 64. Kd3 Ke7 1/2-1/2

[Event "35. DSenEM 65+"]
[Site "Bad Wildungen"]
[Date "2023.07.21"]
[Round "5.43"]
[White "Dolezal, Hans-Peter"]
[Black "Partsch, Manfred"]
[Result "1/2-1/2"]
[WhiteElo "1815"]
[BlackElo "1478"]
[PlyCount "59"]
[EventDate "2023.??.??"]
[WhiteTeam "FC Bayern Muenchen e.V."]
[BlackTeam "Potsdamer SV Mitte e.V."]

1. e4 b6 2. d4 Bb7 3. Nc3 e6 4. Nf3 Bb4 5. Bd3 Nf6 6. Qe2 O-O 7. O-O d5 8. Bg5 dxe4 9. Nxe4 Be7 10. Nxf6+ Bxf6 11. Bxf6 Qxf6 12. Be4 Ba6 13. Bd3 Bxd3 14. Qxd3 Nc6 15. c3 Rfd8 16. Qe4 Ne7 17. Ne5 Rac8 18. Rad1 c6 19. Rd3 Qf5 20. Qe2 f6 21. Rf3 Qh5 22. Nd3 Qd5 23. Nf4 Qxa2 24. Nxe6 Re8 25. Nf4 Ng6 26. Qc2 Nxf4 27. Rxf4 Qf7 28. Re4 Rxe4 29. Qxe4 Qe8 30. Qd3 1/2-1/2

[Event "35. DSenEM 65+"]
[Site "Bad Wildungen"]
[Date "2023.07.21"]
[Round "5.44"]
[White "Meinke, Dietlind"]
[Black "Lekakh, Mikhail"]
[Result "0-1"]
[WhiteElo "1793"]
[BlackElo "1804"]
[Annotator "hugo5"]
[PlyCount "130"]
[EventDate "2023.??.??"]
[WhiteTeam "MTV Leck von 1889"]
[BlackTeam "Oberbilker Schachverein 1960"]

{[%evp 0,41,19,31,14,23,52,41,45,31,49,51,51,45,76,84,90,89,70,64,59,51,58,59,76,55,72,44,74,73,73,36,80,71,86,23,57,30,12,-258,-234,-244,-75,-40]} 1. d4 Nf6 2. Bf4 g6 3. e3 Nh5 4. Be5 Bg7 5. Bxg7 Nxg7 6. c4 d5 7. Nc3 e6 8. Nf3 O-O 9. Qb3 c6 10. Be2 Nd7 11. Rc1 h5 12. h3 Qe7 13. Qc2 Ne8 14. g4 h4 15. g5 Kg7 16. Bd3 Rh8 17. Rg1 dxc4 18. Bxc4 e5 19. Qe4 Nd6 20. Qd3 e4 21. Nxe4 Qxe4 22. Qxe4 Nxe4 23. Bd3 Nd6 24. Kd2 Nb6 25. Rh1 Be6 26. b3 Bd5 27. Ke2 Bxf3+ 28. Kxf3 Rae8 29. e4 Re7 30. Rhe1 Rd8 31. a4 Ne8 32. a5 Na8 33. Kg4 Rxd4 34. Bc2 Nd6 35. f3 Nc7 36. Kxh4 Ne6 37. Kg4 Re8 38. f4 Nc5 39. e5 Ne6 40. Rf1 Rh8 41. h4 Nf5 42. Bxf5 gxf5+ 43. Kxf5 Rxh4 44. Rc4 Rxc4 45. bxc4 b5 46. axb6 axb6 47. Rf2 b5 48. cxb5 cxb5 49. g6 b4 50. gxf7 Kxf7 51. Ke4 Rxf4+ 52. Rxf4+ Nxf4 53. Ke3 Ke6 54. Kd4 Nd5 55. Ke4 Ne7 56. Kd4 Nc6+ 57. Kc4 Kxe5 58. Kb3 Kd5 59. Kb2 Kc4 60. Kc2 Na5 61. Kb2 Kb5 62. Ka2 Ka4 63. Kb2 b3 64. Ka1 Ka3 65. Kb1 b2 0-1

[Event "35. DSenEM 65+"]
[Site "Bad Wildungen"]
[Date "2023.07.21"]
[Round "5.45"]
[White "Pos, Joshua"]
[Black "Seidel, Arnold"]
[Result "0-1"]
[WhiteElo "1404"]
[BlackElo "1906"]
[PlyCount "64"]
[EventDate "2023.??.??"]
[WhiteTeam "SC Papenburg"]
[BlackTeam "SV Kali Wolmirstedt"]

1. e4 e5 2. Nf3 Nf6 3. Nc3 Nc6 4. Bc4 Bc5 5. d3 d6 6. Ng5 O-O 7. h3 Nd4 8. Nf3 c6 9. Na4 Bb4+ 10. c3 Nxf3+ 11. Qxf3 Ba5 12. Be3 b5 13. Bb3 bxa4 14. Bxa4 Bd7 15. b4 Bb6 16. O-O c5 17. b5 a6 18. c4 axb5 19. Bxb5 Bc8 20. Qg3 Nh5 21. Qh2 g6 22. Bh6 Ng7 23. f4 exf4 24. Qxf4 Qe7 25. Rae1 Qe5 26. Qf6 Qxf6 27. Rxf6 Be6 28. e5 dxe5 29. Rxe5 Rfd8 30. Re3 Nf5 31. Rfxe6 fxe6 32. Rxe6 Rd6 0-1

[Event "35. DSenEM 65+"]
[Site "Bad Wildungen"]
[Date "2023.07.21"]
[Round "5.46"]
[White "Hartstock, Elmar"]
[Black "Hassler, Rolf"]
[Result "1/2-1/2"]
[WhiteElo "1831"]
[BlackElo "1695"]
[PlyCount "93"]
[EventDate "2023.??.??"]
[WhiteTeam "SC Ansbach 1855 e.V."]
[BlackTeam "Hellertaler Schachfreunde 1954"]

1. c4 f5 2. Nf3 Nf6 3. d4 g6 4. Nc3 d6 5. e3 Bg7 6. Bd3 Nc6 7. O-O O-O 8. a3 e5 9. dxe5 dxe5 10. c5 Kh8 11. e4 f4 12. b4 Bg4 13. Be2 Qxd1 14. Rxd1 Rfd8 15. Bb2 Bxf3 16. Bxf3 Nd4 17. Kf1 Nxf3 18. gxf3 c6 19. Na4 Ne8 20. Ke2 Nc7 21. Nc3 Ne6 22. Na4 Kg8 23. Rac1 Kf7 24. Bc3 Nc7 25. Nb2 Nb5 26. Nc4 Ke6 27. a4 Rxd1 28. Kxd1 Rd8+ 29. Ke2 Nxc3+ 30. Rxc3 Rd4 31. b5 Bf8 32. Na5 Rxa4 33. Nxb7 Kd7 34. bxc6+ Kc7 35. Rd3 Ra2+ 36. Kf1 Ra1+ 37. Kg2 Kxc6 38. Nd8+ Kb5 39. c6 Rc1 40. Rd7 Bc5 41. Rd5 Kb6 42. Rxe5 Rc2 43. Kh3 Bd6 44. Rd5 Bc7 45. Ne6 Rxc6 46. Nxc7 Rxc7 47. Rd2 1/2-1/2

[Event "35. DSenEM 65+"]
[Site "Bad Wildungen"]
[Date "2023.07.21"]
[Round "5.47"]
[White "Kramell, Ralph Friedrich Kurt"]
[Black "Beisinghoff, Rudolf"]
[Result "0-1"]
[WhiteElo "1765"]
[BlackElo "1610"]
[PlyCount "148"]
[EventDate "2023.??.??"]
[WhiteTeam "SG 2011 Sennewitz e.V."]
[BlackTeam "SV Anderssen Arolsen"]

1. Nc3 d5 2. e4 d4 3. Nce2 e5 4. Ng3 g6 5. Bc4 Nf6 6. Nf3 Bg4 7. Bxf7+ Ke7 8. Bb3 Nc6 9. a3 Bg7 10. d3 h5 11. h3 h4 12. Nf1 Bh5 13. Bg5 Qd6 14. N1d2 Raf8 15. Bxh4 Kd7 16. g4 Nxg4 17. hxg4 Bxg4 18. Rg1 Rxh4 19. Rxg4 Rh1+ 20. Rg1 Rfh8 21. Qe2 Qf6 22. O-O-O Rxg1 23. Rxg1 Bh6 24. Kb1 b5 25. Ne1 Rf8 26. Qg4+ Ke7 27. Ndf3 g5 28. Rg2 a5 29. Ba2 a4 30. b3 axb3 31. Bxb3 Qd6 32. Nd2 Ra8 33. Qf5 Nd8 34. Qh7+ Ke8 35. Kc1 Rxa3 36. Kd1 Ra1+ 37. Ke2 c5 38. Nef3 c4 39. dxc4 Ne6 40. Qg6+ Kd8 41. Nxg5 Nf4+ 42. Kf3 Nxg6 43. Nf7+ Kd7 44. Nxd6 Nh4+ 45. Ke2 Nxg2 46. Nxb5 Nf4+ 47. Kf3 Rd1 48. c5 Rxd2 49. Ba4 d3 50. Na7+ Kd8 51. Nc6+ Kc7 52. c4 Ng6 53. Nb4 Rb2 54. Nxd3 Ra2 55. Be8 Ra3 56. Bxg6 Rxd3+ 57. Kg4 Kc6 58. Kf5 Bf4 59. Bf7 Rf3 60. Bd5+ Kxc5 61. Ke6 Bh2 62. Kd7 Rxf2 63. Be6 Rf6 64. Bd5 Rh6 65. Ke7 Bf4 66. Kf7 Rb6 67. Ke7 Bg5+ 68. Kf7 Rd6 69. Kg7 Kd4 70. Kf7 Rxd5 71. cxd5 Kxe4 72. d6 Kd5 73. Kg6 Bd8 74. Kf5 Kxd6 0-1

[Event "35. DSenEM 65+"]
[Site "Bad Wildungen"]
[Date "2023.07.21"]
[Round "5.48"]
[White "Elkendorf, Werner"]
[Black "Abel, Hans-Peter"]
[Result "0-1"]
[WhiteElo "1578"]
[BlackElo "1761"]
[PlyCount "58"]
[EventDate "2023.??.??"]
[WhiteTeam "Schachfreunde Drensteinfurt e. V"]
[BlackTeam "SC Leinfelden"]

1. d4 Nf6 2. Nf3 g6 3. Bf4 Bg7 4. c3 d6 5. Nbd2 O-O 6. e4 Nbd7 7. h3 Re8 8. e5 dxe5 9. Bxe5 Nxe5 10. Nxe5 Nd7 11. Nxd7 Bxd7 12. Be2 e5 13. dxe5 Rxe5 14. Nf3 Re7 15. O-O Qe8 16. Re1 c5 17. Bc4 Bc6 18. Rxe7 Qxe7 19. Qe1 Qf6 20. Nh2 h5 21. Qe3 b6 22. f3 Kh7 23. Qf2 Rd8 24. Qe2 Re8 25. Qf2 Bh6 26. Kf1 Rd8 27. Re1 Qf4 28. g3 Qxc4+ 29. Kg2 Rd2 0-1

[Event "35. DSenEM 65+"]
[Site "Bad Wildungen"]
[Date "2023.07.21"]
[Round "5.49"]
[White "Wagner, Guenter"]
[Black "Schumacher, Ursula"]
[Result "1-0"]
[WhiteElo "1709"]
[BlackElo "1531"]
[PlyCount "97"]
[EventDate "2023.??.??"]
[WhiteTeam "SV 1946 Gross-Gerau"]
[BlackTeam "Bad Neuenahr"]

1. Nf3 d5 2. c4 c6 3. g3 Nf6 4. Bg2 h6 5. O-O e6 6. b3 Be7 7. Bb2 Nbd7 8. d3 b6 9. Nbd2 Qc7 10. Rc1 O-O 11. d4 Qb8 12. Re1 Bb7 13. Rc2 a5 14. a4 Rc8 15. Qa1 Bb4 16. Rec1 Be7 17. e3 Ba6 18. Bf1 Bf8 19. cxd5 Bxf1 20. Kxf1 Nxd5 21. Rxc6 Rxc6 22. Rxc6 Nb4 23. Rc3 Nd5 24. Rc1 Qb7 25. Qb1 Qa6+ 26. Kg1 Rc8 27. Rxc8 Qxc8 28. Nc4 Qb7 29. Nfe5 Nxe5 30. Nxe5 Nf6 31. Qc2 Nd5 32. Qc6 Qxc6 33. Nxc6 Bb4 34. Na7 Be7 35. Kf1 Kf8 36. Ke2 Ke8 37. Kd3 Kd7 38. Kc4 Bd8 39. Ba3 Be7 40. Bxe7 Nxe7 41. b4 axb4 42. Kxb4 Nd5+ 43. Kc4 Nc7 44. Nb5 Na6 45. e4 Kc6 46. f4 g6 47. e5 Nb8 48. Nd6 f5 49. Nf7 1-0

[Event "35. DSenEM 65+"]
[Site "Bad Wildungen"]
[Date "2023.07.21"]
[Round "5.50"]
[White "Moews, Harald"]
[Black "Kaland, Joachim"]
[Result "1-0"]
[WhiteElo "1704"]
[BlackElo "1458"]
[PlyCount "67"]
[EventDate "2023.??.??"]
[WhiteTeam "Ahrensburger TSV"]
[BlackTeam "Koenigsspr. SC.1984 e.V."]

1. e4 e6 2. d4 d5 3. exd5 exd5 4. Nf3 Nf6 5. Be2 Be7 6. O-O O-O 7. c3 b6 8. h3 Ba6 9. Bxa6 Nxa6 10. Re1 h6 11. Ne5 Nb8 12. Ng4 Nbd7 13. Bf4 Rc8 14. Nd2 c6 15. Nf1 Ne4 16. f3 Bg5 17. Bh2 h5 18. Nge3 Bxe3+ 19. Nxe3 Ng5 20. f4 Ne4 21. Qxh5 Ndf6 22. Qf3 Qd7 23. Re2 Rfe8 24. g4 Re7 25. Rae1 Rce8 26. g5 Nh7 27. h4 g6 28. f5 gxf5 29. Nxf5 Re6 30. Be5 Nhxg5 31. hxg5 Nxg5 32. Qh5 f6 33. Qg6+ Kf8 34. Bd6+ 1-0

[Event "35. DSenEM 65+"]
[Site "Bad Wildungen"]
[Date "2023.07.21"]
[Round "5.51"]
[White "Otten, Arnold"]
[Black "Berger, Volkmar"]
[Result "1/2-1/2"]
[WhiteElo "1494"]
[BlackElo "1698"]
[PlyCount "52"]
[EventDate "2023.??.??"]
[WhiteTeam "ESV Rot-Weiss Goettingen"]
[BlackTeam "Schachclub Senioren Cottbus"]

1. d4 d6 2. c4 g6 3. Nc3 Bg7 4. e4 Nf6 5. Be2 O-O 6. Nf3 a6 7. O-O Bd7 8. Qc2 c6 9. a4 a5 10. Bg5 h6 11. Bd2 Na6 12. Rfe1 Qc7 13. Rad1 c5 14. d5 Rfe8 15. Nb5 Qd8 16. h3 b6 17. e5 dxe5 18. Nxe5 Bf5 19. Bd3 e6 20. Bxf5 exf5 21. Nc6 Qd7 22. Qc1 Kh7 23. f3 Nb4 24. Bxb4 axb4 25. b3 Nh5 26. Rxe8 Rxe8 1/2-1/2

[Event "35. DSenEM 65+"]
[Site "Bad Wildungen"]
[Date "2023.07.21"]
[Round "5.52"]
[White "Walther, Renate"]
[Black "Schmieder, Wolfgang Ernst"]
[Result "1-0"]
[WhiteElo "1222"]
[BlackElo "1754"]
[PlyCount "39"]
[EventDate "2023.??.??"]
[WhiteTeam "SK 1911 Herzogenaurach e.V."]
[BlackTeam "SK Hofgeismar"]

1. e4 c5 2. Nf3 g6 3. Nc3 Bg7 4. Bc4 Nc6 5. d3 Na5 6. Bb3 Nxb3 7. axb3 b6 8. O-O Bb7 9. Bd2 d5 10. Re1 e6 11. Nxd5 Nf6 12. c4 O-O 13. h3 Nxd5 14. exd5 Qd7 15. Qc1 a5 16. Bc3 f5 17. Bxg7 Kxg7 18. Ng5 Kg8 19. Qd2 Rf6 20. f4 1-0

[Event "35. DSenEM 65+"]
[Site "Bad Wildungen"]
[Date "2023.07.21"]
[Round "5.53"]
[White "Schneidereit, Manfred"]
[Black "Ludwig, Richard"]
[Result "1/2-1/2"]
[WhiteElo "1678"]
[BlackElo "1489"]
[PlyCount "133"]
[EventDate "2023.??.??"]
[WhiteTeam "Jueterbog"]
[BlackTeam "SV Irxleben von 1919"]

1. c4 e5 2. g3 Nf6 3. Bg2 Be7 4. Nc3 O-O 5. e3 d6 6. Nge2 Nbd7 7. O-O Rb8 8. d3 Re8 9. a3 h6 10. b4 b6 11. e4 Bb7 12. d4 exd4 13. Nxd4 Ne5 14. Qe2 a6 15. h3 c5 16. Nf5 Bc8 17. f4 Ng6 18. Qd2 Bf8 19. Bb2 Bxf5 20. exf5 Ne7 21. Rad1 Nc8 22. Rfe1 Rxe1+ 23. Rxe1 Qc7 24. Nd5 Nxd5 25. Bxd5 Ne7 26. Bf3 Kh8 27. f6 Ng8 28. fxg7+ Bxg7 29. Bxg7+ Kxg7 30. Qd5 Qd8 31. Kg2 Qf6 32. Qd1 Qb2+ 33. Re2 Qd4 34. Qxd4+ cxd4 35. Rd2 Rd8 36. Rxd4 Ne7 37. g4 Kf6 38. h4 Kg7 39. h5 f5 40. g5 hxg5 41. fxg5 Kf8 42. h6 Ng6 43. Kg3 f4+ 44. Kh3 Kg8 45. Bh5 Kh7 46. Kg4 Ne5+ 47. Kxf4 Rf8+ 48. Ke4 Rf1 49. Kd5 Rf5 50. Kxd6 Rxg5 51. Be8 Kxh6 52. Rh4+ Kg7 53. Re4 Nd3 54. Re3 Nb2 55. Rc3 Kf8 56. Bc6 Rg6+ 57. Kc7 b5 58. cxb5 Rg7+ 59. Kb6 Na4+ 60. Kxa6 Nxc3 61. b6 Ke7 62. b7 Rg8 63. Ka7 Kd6 64. b5 Kc7 65. a4 Nxa4 66. Bd5 Rd8 67. Bc6 1/2-1/2